|
|
|
|
| LEADER |
00000nab#a22000007a#4500 |
| 001 |
arbauad018842 |
| 003 |
AR-BaUAD |
| 005 |
20250711111646.0 |
| 008 |
960417|||||||||###||||||b###|0###a|spa|| |
| 040 |
|
|
|a AR-BaUAD
|c AR-BaUAD
|b spa
|
| 245 |
1 |
0 |
|a Höhle-Hütte-Stadtoase
|
| 300 |
0 |
|
|b fot.
|
| 653 |
|
|
|a ANTILLAS
|
| 653 |
|
|
|a BEQUIA
|
| 653 |
|
|
|a VENEZUELA
|
| 653 |
|
|
|a CARACAS
|
| 653 |
|
|
|a JOHNSON, TOM
|
| 653 |
|
|
|a GLÜCKSMAN, PEDRO
|
| 653 |
|
|
|a ALCOCK, JIMMY
|
| 653 |
|
|
|a VIVIENDAS UNIFAMILIARES
|
| 653 |
|
|
|a MATERIALES DE CONSTRUCCION
|
| 653 |
|
|
|a MADERA
|
| 653 |
|
|
|a CAÑA
|
| 653 |
|
|
|a PIEDRA
|
| 653 |
|
|
|a HORMIGON ARMADO
|
| 653 |
|
|
|a LADRILLO
|
| 773 |
0 |
|
|t MD moebel design
|g no. 3 [1994], p. 37-43
|
| 942 |
|
|
|c ARTI
|
| 952 |
|
|
|0 0
|1 0
|4 0
|7 0
|9 63762
|a AR-BAuAD
|b AR-BAuAD
|d 2025-07-11
|l 0
|p AAQA018842
|r 2025-07-11 11:16:46
|w 2025-07-11
|y ARTI
|
| 990 |
|
|
|a AQ199
|b TD
|
| 998 |
|
|
|a AAQ
|b BIBUN76
|
| 999 |
|
|
|c 43435
|d 43435
|